Catálogo

Acatzingo : (Registro nro. 28808)

Detalles MARC
000 -LEADER
fixed length control field 01118cam a2200313 i 4500
001 - CONTROL NUMBER
control field 28808
003 - CONTROL NUMBER IDENTIFIER
control field Mx-PuUPA
005 - DATE AND TIME OF LATEST TRANSACTION
control field 20260314114251.0
008 - FIXED-LENGTH DATA ELEMENTS--GENERAL INFORMATION
fixed length control field 140415s1973 mx d gr 000 0 spa d
040 ## - CATALOGING SOURCE
Transcribing agency Mx-PuUPA
Original cataloging agency Mx-PuUPA
Language of cataloging spa
Modifying agency Mx-PuUPA
Description conventions rda
041 0# - LANGUAGE CODE
Language code of text/sound track or separate title spa
043 ## - GEOGRAPHIC AREA CODE
Geographic area code n-mx---
100 1# - MAIN ENTRY--PERSONAL NAME
Personal name Calvo, Thomas,
Dates associated with a name 1944-
9 (RLIN) 17910
Relator term autor
245 10 - TITLE STATEMENT
Title Acatzingo :
Remainder of title demografía de una parroquia mexicana /
Statement of responsibility, etc. Thomas calvo
264 #1 - PRODUCTION, PUBLICATION, DISTRIBUTION, MANUFACTURE, AND COPYRIGHT NOTICE
Place of production, publication, distribution, manufacture México, D.F. :
Name of producer, publisher, distributor, manufacturer Instituto Nacional de Antropología e Historia,
Date of production, publication, distribution, manufacture, or copyright notice 1973
300 ## - PHYSICAL DESCRIPTION
Extent 124 páginas :
Other physical details gráficas, tablas ;
Dimensions 28 cm
336 ## - CONTENT TYPE
Fuente rdacontent
Content type term texto
Content type code txt
337 ## - MEDIA TYPE
Source rdamedia
Media type term sin medio
Media type code n
338 ## - CARRIER TYPE
Source rdacarrier
Carrier type term volumen
Carrier type code nc
490 0# - SERIES STATEMENT
Series statement Colección Científica
490 0# - SERIES STATEMENT
Series statement Historia ;
Volume/sequential designation 6
650 #7 - SUBJECT ADDED ENTRY--TOPICAL TERM
Source of heading or term armarc
Topical term or geographic name entry element Demografía histórica
Geographic subdivision México
650 #7 - SUBJECT ADDED ENTRY--TOPICAL TERM
Source of heading or term armarc
Topical term or geographic name entry element Población
Geographic subdivision Puebla (México ; Estado)
Chronological subdivision Siglos XVII y XVIII
651 #4 - SUBJECT ADDED ENTRY--GEOGRAPHIC NAME
Geographic name Acatzingo
Geographic subdivision México
General subdivision Población
-- Historia
651 #4 - SUBJECT ADDED ENTRY--GEOGRAPHIC NAME
Geographic name Acatzingo
Geographic subdivision Puebla
General subdivision Estadística vital
-- Historia
942 ## - ADDED ENTRY ELEMENTS (KOHA)
Source of classification or shelving scheme Dewey Decimal Classification
Koha item type Libro
Classification part 972.48
Item part C45
Existencias
Withdrawn status Lost status Source of classification or shelving scheme Damaged status Not for loan Collection code Home library Current library Shelving location Date acquired Source of acquisition Total Checkouts Full call number Barcode Date last seen Price effective from Koha item type
    Dewey Decimal Classification     General Centro de Estudios Guadalupanos Centro de Estudios Guadalupanos Sala general 03/12/2013 Compra   972.48 C45 1973 49120 23/03/2026 03/12/2013 Libro